Literary theory (Record no. 230)

MARC details
000 -LEADER
fixed length control field 00469 a2200193 4500
001 - CONTROL NUMBER
control field 066021
003 - CONTROL NUMBER IDENTIFIER
control field OSt
005 - DATE AND TIME OF LATEST TRANSACTION
control field 20251212122528.0
008 - FIXED-LENGTH DATA ELEMENTS--GENERAL INFORMATION
fixed length control field
082 ## - DEWEY DECIMAL CLASSIFICATION NUMBER
Classification number 801.950904
Item number E38L
100 1# - MAIN ENTRY--PERSONAL NAME
Personal name Edgleton
245 1# - TITLE STATEMENT
Title Literary theory
Statement of responsibility, etc by Terry Edgleton
260 ## - PUBLICATION, DISTRIBUTION, ETC. (IMPRINT)
Place of publication, distribution, etc USA
Name of publisher, distributor, etc Blackwell Publishing
Date of publication, distribution, etc 2008
300 ## - PHYSICAL DESCRIPTION
Extent 234p.
546 ## - LANGUAGE NOTE
Language note English
690 ## - LOCAL SUBJECT ADDED ENTRY--TOPICAL TERM (OCLC, RLIN)
Topical term or geographic name as entry element Criticism; Literature--Theory, etc
700 ## - ADDED ENTRY--PERSONAL NAME
Relator code Terry
942 ## - ADDED ENTRY ELEMENTS (KOHA)
Source of classification or shelving scheme Dewey Decimal Classification
Koha item type Books
Holdings
Withdrawn status Lost status Source of classification or shelving scheme Damaged status Not for loan Collection code Home library Current library Department Date acquired Source of acquisition Coded location qualifier Cost, normal purchase price Inventory number(Invoice/Date) Total Checkouts Full call number Barcode Date last seen Date checked out Price effective from Koha item type Public note
    Dewey Decimal Classification     General Text Book Central University Of Rajasthan Central University Of Rajasthan English 07/03/2012 ENG Rawat Jaip 595.00 1001/15-03-2010 1 801.950904 E38L 307 21/11/2024 05/09/2022 02/09/2020 Books Blackwell, USA